000 01075nam a2200229 i 4500
001 160577
003 ES-MaACL
005 20250716063318.0
008 931025s1878 sp |||| | spa d
040 _aAS
_bspa
_cPAB
100 1 _aNavarro, Felipe Benicio,
_d1840-1901
_eaut
_985065
245 1 3 _aEl Museo de Gijón :
_brelación crítica de la hermosa colección de dibujos que Gaspar Melchor de Jovellanos regaló al Real Instituto Asturiano /
_c[Felipe Benicio Navarro]
260 _aBarcelona :
_b[s.n.],
_c1878
_f(Imp. de la Renaixensa, por Pedro Aldavert)
300 _a26 páginas ;
_c30 cm.
594 _aEncabezamiento tomado de Somoza, 1071
596 _aPie de imp. tomado del colofón
610 2 4 _aInstituto de Jovellanos de Gijón.
_bMuseo.
_9134547
852 _aES-MaACL
_cDEPOF
_eEjemplar falto de cub. original
_gDedicatoria ms. del autor al Ateneo de Madrid
_hDonativo de Felipe Benicio Navarro
_jT-339-F-4
_xEnc. en un vol. facticio
_xHolandesa
942 _2udc
_cFOLLETOS
_n0
999 _c160577
_d160577